Economic and social geography /

Κύριος συγγραφέας: Ekblaw, Sidney E. 1903-
Άλλοι συγγραφείς: Mulkerne, Donald J. D.
Μορφή: Βιβλίο
Γλώσσα: English
Στοιχεία έκδοσης: New York : Gregg Pub. Division, c1958.
Ταξινομικός αριθμός: 911.3 EKB
Ετικέτες: Προσθήκη ετικέτας
Δεν υπάρχουν, Καταχωρήστε ετικέτα πρώτοι!
LEADER 00625nam a2200169 a 4500
001 1/36950
008 090223s1958 nyua 00110 eng
035 |l 39544 
040 |a DLC  |b GR-PeUP 
082 0 0 |a 911.3 EKB 
100 1 |a Ekblaw, Sidney E.  |d 1903-  |q (Sidney Everette). 
245 1 0 |a Economic and social geography /  |c [by] Sidney E. Ekblaw [and] Donald J.D. Mulkerne. 
260 0 |a New York :  |b Gregg Pub. Division,  |c c1958. 
300 |a 415 σ. :  |b εικ. ;  |c 26 εκ. 
500 |a Περιέχει ευρετήριο. 
700 1 |a Mulkerne, Donald J. D. 
852 |a INST  |b UNIPILB  |c MAIN  |e 20090223  |h 911.3 EKB  |p 00157660  |q 00157660  |t LOAN  |y 0  |4 1